Química General: Problemas y ejercicios
محفوظ في:
| المؤلفون الرئيسيون: | , , , |
|---|---|
| التنسيق: | كتاب |
| اللغة: | الإسبانية |
| منشور في: |
Delaware Water Gap
Addison-Wesley Iberoamericana
1991
|
| الطبعة: | 3a. ed |
| الموضوعات: | |
| الوسوم: |
إضافة وسم
لا توجد وسوم, كن أول من يضع وسما على هذه التسجيلة!
|
MARC
| LEADER | 00000nam a2200000 a 4500 | ||
|---|---|---|---|
| 001 | UCH5499 | ||
| 003 | CL-VaPUC | ||
| 008 | 091014e19910000US |||||||||||||||||spa|d | ||
| 020 | |a 0201629518 | ||
| 082 | 0 | 4 | |a 540 |b GIL |2 21 |
| 100 | |a Gilbert Long, George |e author |9 541779 | ||
| 700 | 0 | |a Hentz, Forrest C |e author |9 541780 | |
| 700 | 0 | |a Abundis Canales, Oscar |e author |9 541781 | |
| 700 | 0 | |a Mendez Stivalet, Jose Manuel |e author |9 541782 | |
| 245 | 1 | 0 | |a Química General: Problemas y ejercicios |
| 250 | |a 3a. ed | ||
| 300 | |a 400 p | ||
| 942 | |c BK | ||
| 945 | |d 20091014 00:00:00 |a ccalabra | ||
| 260 | |a Delaware Water Gap |b Addison-Wesley Iberoamericana |c 1991 | ||
| 650 | 0 | |a Educación |9 258661 | |
| 650 | 0 | |a Química |9 259896 | |
| 650 | 0 | |a Química orgánica |9 259426 | |
| 650 | 0 | |a Química inorgánica |9 260154 | |
| 650 | 7 | |a TERMODINAMICA QUIMICA |2 CL-VaPUC |9 338568 | |
| 650 | 0 | |a Electroquímica |9 263973 | |
| 650 | 0 | |a Ciencias |9 327866 | |
| 583 | |a last modification |c 20091014 00:00:00 |k Rodrigo Vera | ||
| 999 | |c 336630 |d 336628 | ||